| 000 | 00510ntaaa2200193 4500 | ||
|---|---|---|---|
| 003 | 01 | ||
| 005 | 20251027202702.0 | ||
| 008 | 0714s1973 ag 01 | ||
| 040 |
_aAR-BaBN _bspa _cAR-BaBN _eaacr _dRIC |
||
| 082 | _a465.0000 H35 | ||
| 100 |
_aHH de las EE Cristianas _926474 |
||
| 245 | _aLecciones de lengua castellana, curso elemental | ||
| 250 | _a1 ed. | ||
| 260 |
_aCórdoba : _bLibrería de José Moly, _cs.f. |
||
| 300 | _a324 p | ||
| 650 | _agramática española | ||
| 650 | _acastellano | ||
| 942 | _cBK | ||
| 999 |
_c22027 _d22027 |
||